000 004430000a22001810004500
003 MACL
005 20150910113244.0
008 150910b xxu||||| |||| 00| 0 eng d
040 _aMACL
_cMACL
041 _aEnglish
082 _a821/PAN
100 _aPaniker, K. Ayyappa
_98589
245 _aModern Indian Poerty in English
260 _bSahitya Akademi
_c1991
_aNew Delhi
350 _a65
650 _aPoetry
_99745
942 _cBK
_k821
_2ddc
999 _c4548
_d4548